Manzil Aur Musafir - Vol -2 (Record no. 531428)
[ view plain ]
| 000 -LEADER | |
|---|---|
| fixed length control field | 00434nam a22001817a 4500 |
| 003 - CONTROL NUMBER IDENTIFIER | |
| control field | NUST |
| 005 - DATE AND TIME OF LATEST TRANSACTION | |
| control field | 20191016104607.0 |
| 008 - FIXED-LENGTH DATA ELEMENTS--GENERAL INFORMATION | |
| fixed length control field | 191016b ||||| |||| 00| 0 eng d |
| 020 ## - INTERNATIONAL STANDARD BOOK NUMBER | |
| International Standard Book Number | B07NJBGM4R |
| 038 ## - RECORD CONTENT LICENSOR | |
| Staff Name | MSOHAIL |
| 082 ## - DEWEY DECIMAL CLASSIFICATION NUMBER | |
| Classification number | 0 |
| 100 ## - MAIN ENTRY--PERSONAL NAME | |
| Personal name | Anayat Ullah |
| 9 (RLIN) | 24109 |
| 245 ## - TITLE STATEMENT | |
| Title | Manzil Aur Musafir - Vol -2 |
| 250 ## - EDITION STATEMENT | |
| Edition statement | vol-2 |
| 260 ## - PUBLICATION, DISTRIBUTION, ETC. | |
| Place of publication, distribution, etc. | Lahore |
| Name of publisher, distributor, etc. | Ilm o Irfan Publlishers |
| Date of publication, distribution, etc. | 2011 |
| 300 ## - PHYSICAL DESCRIPTION | |
| Extent | 490,p; |
| Dimensions | 22cm |
| 942 ## - ADDED ENTRY ELEMENTS (KOHA) | |
| Source of classification or shelving scheme | |
| Koha item type | Book |
| Withdrawn status | Lost status | Source of classification or shelving scheme | Damaged status | Not for loan | Permanent Location | Current Location | Date acquired | Total Checkouts | Barcode | Date last seen | Price effective from | Koha item type |
|---|---|---|---|---|---|---|---|---|---|---|---|---|
| School of Civil and Environmental Engineering (SCEE) | School of Civil and Environmental Engineering (SCEE) | 10/16/2019 | NIT-11428 | 10/16/2019 | 10/16/2019 | Book |
